Music Quiz

Random Music or Album Quiz

Songs on Nevermind Quiz Stats

 Plays Quiz Updated Mar 9, 2020

Support Sporcle.
Go Orange.
Score 0/12 Timer 03:00
0 Plays Today
Number Track % Correct
1Smells Like Teen Spirit
98.3%
3Come as You Are
82%
5Lithium
81.7%
6Polly
71.8%
2In Bloom
71.7%
12Something in the Way
60.3%
4Breed
56.5%
7Territorial Pissings
56.5%
11On a Plain
52.5%
8Drain You
50.9%
9Lounge Act
46%
10Stay Away
41.5%

From the Vault

Find the WWE Hall of Fame Inductees

by Noldeh

Sports 3m
You've always got to watch for flying chairs and podiums at these WWE induction ceremonies.
Remove Ads.
Support Sporcle.
Get the best of Sporcle when you Go Orange. This ad-free experience offers more features, more stats, and more fun while also helping to support Sporcle. Thank you for becoming a member.

Show Comments

Extras

Top Quizzes Today


Score Distribution

Your Account Isn't Verified!

In order to create a playlist on Sporcle, you need to verify the email address you used during registration. Go to your Sporcle Settings to finish the process.

Report this User

Report this user for behavior that violates our Community Guidelines.

Details: